Największe miasta Śląska pod względem ludności - Statystyki

Ogólne statystyki
  • Ten quiz został rozwiązany 46 razy
  • Średni wynik to 11 z 25
Statystyki odpowiedzi
Hint Odpowiedź % Poprawnych
300 tys. Katowice
100%
180 tys. Gliwice
82%
110 tys. Chorzów
77%
175 tys. Zabrze
74%
130 tys. Tychy
72%
675 tys. Wrocław
69%
140 tys. Ruda Śląska
67%
140 tys. Rybnik
67%
170 tys. Bielsko Biała
64%
170 tys. Bytom
56%
130 tys. Opole
51%
70 tys. Siemianowice Śląskie
46%
115 tys. Wałbrzych
41%
90 tys. Jastrzębie Zdrój
38%
60 tys. Kędzierzyn Koźle
38%
100 tys. Legnica
38%
75 tys. Mysłowice
36%
80 tys. Jelenia Góra
33%
65 tys. Żory
31%
60 tys. Tarnowskie Góry
21%
140 tys. Zielona Góra
15%
90 tys. Görlitz
10%
60 tys. Opava
5%
300 tys. Ostrava
5%
75 tys. Havirov
0%
Nie znaleziono quizów pasujących do podanych kryteriów
Rozkład punktacji
Procent ludzi z każdym wynikiem
Percentyl według liczby udzielonych odpowiedzi
Twoja historia wyników
Nie rozwiązałeś tego quizu